|
|
|
|
| LEADER |
07642cas a2201285 i 4500 |
| 001 |
nkc20051037264 |
| 003 |
CZ PrNK |
| 005 |
20260414115216.0 |
| 007 |
ta |
| 008 |
020116c20019999xr ar 0 b0cze |
| 015 |
|
|
|a cnb001037264
|
| 035 |
|
|
|a (OCoLC)85148127
|
| 040 |
|
|
|a ABA001
|b cze
|d BOA001
|d OLA001
|e rda
|
| 043 |
|
|
|a e-xr---
|b e-xr-ol
|2 czenas
|
| 045 |
|
|
|a y0y3
|
| 072 |
|
7 |
|a 27-5
|x Liturgie. Křesťanské umění a symbolika. Duchovní život
|2 Konspekt
|9 5
|
| 080 |
|
|
|a 27-772-024.71
|2 MRF
|
| 080 |
|
|
|a 27-4
|2 MRF
|
| 080 |
|
|
|a 27-564
|2 MRF
|
| 080 |
|
|
|a 272-565
|2 MRF
|
| 080 |
|
|
|a 272-528
|2 MRF
|
| 080 |
|
|
|a 27-46
|2 MRF
|
| 080 |
|
|
|a (437.325)
|2 MRF
|
| 080 |
|
|
|a (059)
|2 MRF
|
| 110 |
2 |
|
|a Katolická církev.
|b Arcibiskupství olomoucké
|7 ola2002113630
|4 aut
|
| 245 |
1 |
0 |
|a Liturgický a pastorační kalendář Arcidiecéze olomoucké ...
|
| 264 |
|
1 |
|a Olomouc :
|b Arcibiskupství olomoucké v nakladatelství Matice cyrilometodějská,
|c 2001-
|
| 300 |
|
|
|a ^^^svazků ;
|c 17 cm
|
| 310 |
|
|
|a 1x ročně
|
| 336 |
|
|
|a text
|b txt
|2 rdacontent
|
| 337 |
|
|
|a bez média
|b n
|2 rdamedia
|
| 338 |
|
|
|a svazek
|b nc
|2 rdacarrier
|
| 362 |
0 |
|
|a 2001/2002-
|
| 500 |
|
|
|a Ročník 2014/2015 obsahuje přílohu: errata (1 list)
|
| 500 |
|
|
|a Součástí názvu je označení rozhraní let
|
| 500 |
|
|
|a Jednotlivé svazky mají ISBN
|
| 541 |
|
|
|c pv-r
|
| 610 |
2 |
7 |
|a Katolická církev.
|b Arcidiecéze olomoucká
|7 kn20020322470
|2 czenas
|
| 648 |
|
7 |
|a 2001-2030
|7 ch1169837
|2 czenas
|
| 648 |
|
7 |
|a 21. století
|7 ch460559
|2 czenas
|
| 650 |
0 |
7 |
|a arcidiecéze
|7 ph276822
|z Česko
|2 czenas
|
| 650 |
0 |
7 |
|a církevní život
|7 ph119306
|z Česko
|y 21. století
|2 czenas
|
| 650 |
0 |
7 |
|a církevní rok
|7 ph114290
|2 czenas
|
| 650 |
0 |
7 |
|a katolické svátky
|7 ph114898
|2 czenas
|
| 650 |
0 |
7 |
|a katolická liturgie
|7 ph121529
|2 czenas
|
| 650 |
0 |
7 |
|a pastorace
|7 ph123988
|2 czenas
|
| 650 |
0 |
9 |
|a archdioceses
|z Czechia
|2 eczenas
|
| 650 |
0 |
9 |
|a church life
|z Czechia
|y 21st century
|2 eczenas
|
| 650 |
0 |
9 |
|a church year
|2 eczenas
|
| 650 |
0 |
9 |
|a Catholic festivals
|2 eczenas
|
| 650 |
0 |
9 |
|a Catholic liturgy
|2 eczenas
|
| 650 |
0 |
9 |
|a pastoral care
|2 eczenas
|
| 651 |
|
7 |
|a Olomouc (Česko : oblast)
|7 ge128534
|2 czenas
|
| 651 |
|
9 |
|a Olomouc Region (Czechia)
|2 eczenas
|
| 655 |
|
7 |
|a kalendáře
|7 fd132513
|2 czenas
|
| 655 |
|
9 |
|a calendars
|2 eczenas
|
| 902 |
|
|
|a 80-7266-080-2
|q (2001-2002 ;
|q brožováno)
|
| 902 |
|
|
|a 80-7266-149-3
|q (2003-2004 ;
|q brožováno)
|
| 902 |
|
|
|a 80-7266-181-7
|q (2004-2005 ;
|q brožováno)
|
| 902 |
|
|
|a 80-7266-211-2
|q (2005-2006 ;
|q brožováno)
|
| 902 |
|
|
|a 80-7266-242-2
|q (2006-2007 ;
|q brožováno)
|
| 902 |
|
|
|a 978-80-7266-266-1
|q (2007-2008 ;
|q brožováno)
|
| 902 |
|
|
|a 978-80-7266-296-8
|q (2008-2009 ;
|q brožováno)
|
| 902 |
|
|
|a 978-80-7266-317-0
|q (2009-2010 ;
|q brožováno)
|
| 902 |
|
|
|a 978-80-7266-344-6
|q (2010-2011 ;
|q brožováno)
|
| 902 |
|
|
|a 978-80-7266-364-4
|q (2011-2012 ;
|q kroužková vazba)
|
| 902 |
|
|
|a 978-80-7266-378-1
|q (2012-2013 ;
|q kroužková vazba)
|
| 902 |
|
|
|a 978-80-7266-385-9
|q (2013-2014 ;
|q kroužková vazba)
|
| 902 |
|
|
|a 978-80-7266-391-0
|q (2014-2015 ;
|q kroužková vazba)
|
| 902 |
|
|
|a 978-80-7266-406-1
|q (2015-2016 ;
|q kroužková vazba)
|
| 902 |
|
|
|a 978-80-7266-423-8
|q (2016-2017 ;
|q kroužková vazba)
|
| 902 |
|
|
|a 978-80-7266-429-0
|q (2017-2018 ;
|q kroužková vazba)
|
| 902 |
|
|
|a 978-80-7266-438-2
|q (2018-2019 ;
|q kroužková vazba)
|
| 902 |
|
|
|a 978-80-7266-449-8
|q (2019-2020 ;
|q kroužková vazba)
|
| 902 |
|
|
|a 978-80-7266-459-7
|q (2020-2021 ;
|q kroužková vazba)
|
| 902 |
|
|
|a 978-80-85396-13-3
|q (2021-2022 ;
|q kroužková vazba)
|z 978-80-7266-473-3
|
| 902 |
|
|
|a 978-80-85396-15-7
|q (2022-2023 ;
|q kroužková vazba)
|z 978-80-7266-481-8
|
| 902 |
|
|
|a 978-80-85396-19-5
|q (2023-2024 ;
|q kroužková vazba)
|
| 902 |
|
|
|a 978-80-85396-24-9
|q (2024-2025 ;
|q kroužková vazba)
|
| 902 |
|
|
|a 978-80-85396-29-4
|q (2025-2026 ;
|q kroužková vazba)
|
| 910 |
|
|
|a BOA001
|b 04390-0573.751,Ol
|s 2001/2002-2025/2026-
|
| 920 |
|
|
|a 000582177
|
| 928 |
9 |
|
|a Matice cyrilometodějská
|
| 990 |
|
|
|a SE
|
| 995 |
|
|
|a 01
|
| 991 |
|
|
|b 202301
|
| 996 |
6 |
|
|b 2610164411
|c 04390-0573.751,Ol
|d 2001/02
|y 2001/2002
|l MZK
|r Sklad / do 1 hodiny
|n 1
|p p.v.
|w 000582177
|u 000010
|a 1
|e BOA001
|j MZK50
|s P
|
| 996 |
6 |
|
|b 2610206867
|c 04390-0573.751,Ol
|d 2003/04
|y 2003/2004
|l MZK
|r Sklad / do 1 hodiny
|n 0
|p p.v.
|w 000582177
|u 000020
|a 1
|e BOA001
|j MZK50
|s P
|
| 996 |
6 |
|
|b 2610232533
|c 04390-0573.751,Ol
|d 2004/05
|y 2004/2005
|l MZK
|r Sklad / do 1 hodiny
|n 0
|p p.v.
|w 000582177
|u 000030
|a 1
|e BOA001
|j MZK50
|s P
|
| 996 |
6 |
|
|b 2610264731
|c 04390-0573.751,Ol
|d 2005/06
|y 2005/2006
|l MZK
|r Sklad / do 1 hodiny
|n 0
|p p.v.
|w 000582177
|u 000040
|a 1
|e BOA001
|j MZK50
|s P
|
| 996 |
6 |
|
|b 2610289655
|c 04390-0573.751,Ol
|d 2006/07
|y 2006/2007
|l MZK
|r Sklad / do 1 hodiny
|n 0
|p p.v.
|w 000582177
|u 000050
|a 1
|e BOA001
|j MZK50
|s P
|
| 996 |
6 |
|
|b 2610325545
|c 04390-0573.751,Ol
|d 2007/08
|y 2007/2008
|l MZK
|r Sklad / do 1 hodiny
|n 0
|p p.v.
|w 000582177
|u 000060
|a 1
|e BOA001
|j MZK50
|s P
|
| 996 |
6 |
|
|b 2610356276
|c 04390-0573.751,Ol
|d 2008/09
|y 2008/2009
|l MZK
|r Sklad / do 1 hodiny
|n 1
|p p.v.
|w 000582177
|u 000070
|a 1
|e BOA001
|j MZK50
|s P
|
| 996 |
6 |
|
|b 2610392747
|c 04390-0573.751,Ol
|d 2009/10
|v 2009-10
|y 2009/2010
|l MZK
|r Sklad / do 1 hodiny
|n 0
|p p.v.
|w 000582177
|u 000080
|a 1
|e BOA001
|j MZK50
|s P
|
| 996 |
6 |
|
|b 2610460915
|c 04390-0573.751,Ol
|d 2010/11
|v 2010-11
|y 2010/2011
|l MZK
|r Sklad / do 1 hodiny
|n 0
|p p.v.
|w 000582177
|u 000090
|a 1
|e BOA001
|j MZK50
|s P
|
| 996 |
6 |
|
|b 2610495046
|c 04390-0573.751,Ol
|d 2011/12
|v 2011-12
|y 2011/2012
|l MZK
|r Sklad / do 1 hodiny
|n 0
|p p.v.
|w 000582177
|u 000100
|a 1
|e BOA001
|j MZK50
|s P
|
| 996 |
6 |
|
|b 2610523392
|c 04390-0573.751,Ol
|d 2012/13
|v 2012-13
|y 2012/2013
|l MZK
|r Sklad / do 1 hodiny
|n 0
|p p.v.
|w 000582177
|u 000110
|a 1
|e BOA001
|j MZK50
|s P
|
| 996 |
6 |
|
|b 2610571788
|c 04390-0573.751,Ol
|d 2013/14
|v 2013-14
|y 2013/2014
|l MZK
|r Sklad / do 1 hodiny
|n 0
|p p.v.
|w 000582177
|u 000120
|a 1
|e BOA001
|j MZK50
|s P
|
| 996 |
6 |
|
|b 2610615370
|c 04390-0573.751,Ol
|d 2014/15
|v 2014-15
|y 2013/2014
|l MZK
|r Sklad / do 1 hodiny
|n 0
|p p.v.
|w 000582177
|u 000130
|a 1
|e BOA001
|j MZK50
|s P
|
| 996 |
6 |
|
|b 2610653797
|c 04390-0573.751,Ol
|d 2015/16
|v 2015-16
|y 2015/2016
|l MZK
|r Sklad / do 1 hodiny
|n 0
|p p.v.
|w 000582177
|u 000140
|a 1
|e BOA001
|j MZK50
|s P
|
| 996 |
6 |
|
|b 2610693454
|c 04390-0573.751,Ol
|d 2016/17
|v 2016-17
|y 2016/2017
|l MZK
|r Sklad / do 1 hodiny
|n 0
|p p.v.
|w 000582177
|u 000150
|a 1
|e BOA001
|j MZK50
|s P
|
| 996 |
6 |
|
|b 2610729259
|c 04390-0573.751,Ol
|d 2017/18
|v 2017-18
|y 2017/2018
|l MZK
|r Sklad / do 1 hodiny
|n 0
|p p.v.
|w 000582177
|u 000160
|a 1
|e BOA001
|j MZK50
|s P
|
| 996 |
6 |
|
|b 2610757772
|c 04390-0573.751,Ol
|d 2018/19
|v 2018-19
|y 2018/2019
|l MZK
|r Sklad / do 1 hodiny
|n 0
|p p.v.
|w 000582177
|u 000170
|a 1
|e BOA001
|j MZK50
|s P
|
| 996 |
6 |
|
|b 2610810140
|c 04390-0573.751,Ol
|d 2019-20
|v 2019-20
|y 2019-2020
|l MZK
|r Sklad / do 1 hodiny
|n 0
|p p.v.
|w 000582177
|u 000180
|a 1
|e BOA001
|j MZK50
|s P
|
| 996 |
6 |
|
|b 2610849441
|c 04390-0573.751,Ol
|d 2020-21
|v 2020-21
|y 2020-2021
|l MZK
|r Sklad / do 1 hodiny
|n 0
|p p.v.
|w 000582177
|u 000190
|a 1
|e BOA001
|j MZK50
|s P
|
| 996 |
6 |
|
|b 2610894156
|c 04390-0573.751,Ol
|d 2021-22
|v 2021-22
|y 2021-2022
|l MZK
|r Sklad / do 1 hodiny
|n 0
|p p.v.
|w 000582177
|u 000200
|a 1
|e BOA001
|j MZK50
|s P
|
| 996 |
6 |
|
|b 2610926447
|c 04390-0573.751,Ol
|d 2022-23
|v 2022-23
|y 2022-2023
|l MZK
|r Sklad / do 1 hodiny
|n 0
|p p.v.
|w 000582177
|u 000210
|a 1
|e BOA001
|j MZK50
|s P
|
| 996 |
6 |
|
|b 2610957717
|c 04390-0573.751,Ol
|d 2023-24
|v 2023-24
|y 2023-2024
|l MZK
|r Sklad / do 1 hodiny
|n 0
|p p.v.
|w 000582177
|u 000220
|a 1
|e BOA001
|j MZK50
|s P
|
| 996 |
6 |
|
|b 2610980646
|c 04390-0573.751,Ol
|d 2024-25
|v 2024-25
|y 2024-2025
|l MZK
|r Sklad / do 1 hodiny
|n 0
|p p.v.
|w 000582177
|u 000230
|a 1
|e BOA001
|j MZK50
|s P
|
| 996 |
6 |
|
|b 2611021021
|c 04390-0573.751,Ol
|d 2025-26
|v 2025-26
|y 2025-2026
|l MZK
|r Sklad / do 1 hodiny
|n 0
|p p.v.
|w 000582177
|u 000240
|a 1
|e BOA001
|j MZK50
|s P
|